000 00961nam a2200253 i 4500
001 179824
003 ES-MaACL
005 20230926191909.0
008 120127s2011 sp ado |||| | spa d
020 _a978-84-614-7238-3
080 _a615.11-053.2
100 1 _aCallabed i Carracedo, Joaquim.
_9139912
245 1 0 _aFórmulas magistrales en pediatría /
_cJoaquín Callabed.
260 _aTerrassa (Barcelona) :
_bAcofarma,
_c[2011]
300 _a349 p. :
_bil. col., fot. ;
_c24 cm.
504 _aReferencias bibliográficas.
650 7 _aPediatría-
_xFórmulas y recetas.
_9149239
650 0 4 _aNiños-
_xEnfermedades.
_915546
710 2 _aAsociación de Cooperativas Farmacéuticas.
_9149240
852 _aES-MaACL
_jA-11938
_9186724
_bR.146847
_cDEPO1
_dOlim: N-4943
_xDonación: Joaquín Callabed
_zDedicatoria autógrafa del autor
903 _9139912
_aCallabed i Carracedo, Joaquim
_ednr
942 _2udc
_cMONOGRAFIA
999 _c179824
_d179824